000 00360pab a2200157 454500
008 180718b1987 xxu||||| |||| 00| 0 eng d
100 _aStahl, O. Glenn
245 _aA true career service
260 _c1987
300 _a3-7
362 _aSpring
650 _aCivil Service - U.S.A.
700 _aJames J. McGurrin
773 _aBureaucrat
909 _a5864
999 _c5864
_d5864